[Event "AUTO-INT-3945"]
[Site "http://www.queenalice.com/game.php?id=1863590"]
[Date "2025.9.30"]
[Round "1"]
[White "renet54"]
[Black "Kn1ght1962"]
[Result "1-0"]
[WhiteElo "1632"]
[BlackElo "1519"]

1. d4 d5 2. Nf3 h6 3. Bf4 f6 4. e3 g5 5. Bg3 h5 6. h3 h4 7. Bh2 a6 8. c4 dxc4 9.
Bxc4 Nh6 10. O-O Bd7 11. Nxg5 fxg5 12. Qh5+ Nf7 13. Qxf7# 1-0

[Event "AUTO-INT-3945"]
[Site "http://www.queenalice.com/game.php?id=1863591"]
[Date "2025.9.30"]
[Round "1"]
[White "Kn1ght1962"]
[Black "renet54"]
[Result "1-0"]
[WhiteElo "1610"]
[BlackElo "1650"]

1. e4 e5 2. a3 Nc6 3. d3 Bc5 4. b4 Bd4 5. c3 Bb6 6. Nf3 Nf6 7. h3 d6 8. Be2 O-O
9. Nbd2 Be6 10. O-O Qd7 11. Ng5 g6 12. Nxe6 Qxe6 13. Nf3 Rae8 14. Ng5 Qd7 15. a4
d5 16. exd5 Qxd5 17. Ba3 e4 18. b5 exd3 19. Bxd3 Qxg5 20. bxc6 bxc6 21. Bxf8
Rxf8 22. Be2 Ne4 23. Qc2 Re8 24. Rae1 Nf6 25. Bf3 Rxe1 26. Rxe1 Qh4 27. c4 Ba5
28. Re2 Bb6 29. c5 Ba5 30. Qb2 Qxa4 31. Qxf6 h5 32. Re8+ Kh7 33. Qh8# 1-0

[Event "AUTO-OPEN-4621"]
[Site "http://www.queenalice.com/game.php?id=1864799"]
[Date "2025.10.28"]
[Round "1"]
[White "josebaron"]
[Black "Kn1ght1962"]
[Result "1-0"]
[WhiteElo "2185"]
[BlackElo "1556"]

1. e4 e5 2. Nf3 d6 3. d4 exd4 4. Nxd4 h6 5. Bd3 a6 6. O-O Qf6 7. Nf3 Nc6 8. Nc3
Nge7 9. h3 Ne5 10. Nxe5 Qxe5 11. Re1 Be6 12. a4 c6 13. f4 Qf6 14. Kh1 Qh4 15. f5
Bd7 16. Be3 Rd8 17. Qe2 Qf6 18. Bf4 Nc8 19. e5 dxe5 20. Bxe5 Qg5 21. Bxg7+ Be7
22. f6 Rg8 23. fxe7 Nxe7 24. Bxh6 Qxg2+ 25. Qxg2 Rxg2 26. Kxg2 Be6 27. Bg5 Kd7
28. Ne4 Rg8 29. Nc5+ Ke8 30. Nxe6 fxe6 31. h4 Kd7 32. Kh3 Nd5 33. Bc4 b5 34.
axb5 axb5 35. Bxd5 exd5 36. Ra7+ Kd6 37. Be7# 1-0

[Event "AUTO-OPEN-4621"]
[Site "http://www.queenalice.com/game.php?id=1864800"]
[Date "2025.10.28"]
[Round "1"]
[White "Kn1ght1962"]
[Black "josebaron"]
[Result "0-1"]
[WhiteElo "1655"]
[BlackElo "2170"]

1. e4 e5 2. a3 Nf6 3. d3 Bc5 4. Qf3 Nc6 5. Qg3 O-O 6. Be2 d6 7. h3 Nd4 8. Bd1 a5
9. Bh6 Ne8 10. Nf3 Qf6 11. Bg5 Nxf3+ 12. Bxf3 Qg6 13. h4 h6 14. Be7 Qxg3 15.
fxg3 Nf6 16. Bxf8 Kxf8 17. Nc3 Be3 18. Ke2 Ba7 19. Raf1 c6 20. h5 Be6 21. Re1 b5
22. Kd1 Bf2 23. Re2 Bxg3 24. Kc1 Bf4+ 25. Kb1 b4 26. Nd1 bxa3 27. bxa3 Rb8+ 28.
Nb2 a4 29. g4 Nxg4 30. Rg2 Ne3 31. Rgg1 d5 32. exd5 cxd5 33. Rh4 d4 34. Be4 Bg5
35. Rh2 Rb6 36. Rhh1 Be7 37. Rh2 Bxa3 38. c4 dxc3 39. Rg3 Nf1 40. Rhg2 Nxg3 41.
Rxg3 Rxb2+ 42. Ka1 Ra2+ 43. Kb1 c2# 0-1

[Event "AUTO-OPEN-4621"]
[Site "http://www.queenalice.com/game.php?id=1864823"]
[Date "2025.10.28"]
[Round "1"]
[White "Kn1ght1962"]
[Black "Capixaba789"]
[Result "0-1"]
[WhiteElo "1574"]
[BlackElo "1762"]

1. e4 e5 2. Nf3 d6 3. h3 f5 4. exf5 Bxf5 5. d3 Nf6 6. Nc3 Be7 7. a3 O-O 8. Be3
c5 9. Be2 Nc6 10. Qd2 a6 11. O-O-O Nd4 12. Bg5 b5 13. Bxf6 Bxf6 14. Nd5 Nxf3 15.
Nxf6+ Qxf6 16. Bxf3 Rab8 17. Bd5+ Be6 18. Be4 Qxf2 19. Qg5 d5 20. Rhf1 Qd4 21.
Rxf8+ Rxf8 22. Qe7 dxe4 23. Qxe6+ Kh8 24. Kd2 e3+ 25. Kc1 Qf4 26. Qd6 e2+ 27.
Kb1 exd1=Q+ 28. Ka2 Qxc2 29. g3 Qf6 30. d4 Qc4+ 0-1

[Event "AUTO-OPEN-4621"]
[Site "http://www.queenalice.com/game.php?id=1864824"]
[Date "2025.10.28"]
[Round "1"]
[White "Capixaba789"]
[Black "Kn1ght1962"]
[Result "0-1"]
[WhiteElo "1842"]
[BlackElo "1552"]

1. d4 d5 2. Nc3 e6 3. f4 a6 4. Nf3 f6 5. e3 h6 6. Bd3 Bd6 7. O-O Bd7 8. Bg6+ Ke7
9. Bd3 Bc6 10. Nh4 Be8 11. Bg6 f5 12. Qf3 Nf6 13. Bxe8 Qxe8 14. Qg3 Ng4 15. h3
h5 16. hxg4 hxg4 17. Nxd5+ Kd7 18. Nc3 Nc6 19. d5 Rd8 20. dxc6+ Kxc6 21. Qe1 Kd7
22. b3 Qe7 23. Ng6 Qf7 24. Nxh8 Rxh8 25. Bb2 Qh5 26. Qg3 g5 27. Kf2 gxf4 28.
exf4 Re8 29. Rh1 Qf7 30. Rad1 Kc8 31. Rxd6 cxd6 32. Na4 Qc7 33. c4 Qa5 34. Qd3
Rd8 35. Rh7 g3+ 36. Kxg3 Qe1+ 37. Kh2 Rg8 38. Qxd6 Qg3+ 39. Kh1 Qxg2# 0-1

[Event "AUTO-OPEN-4621"]
[Site "http://www.queenalice.com/game.php?id=1864825"]
[Date "2025.10.28"]
[Round "1"]
[White "Kn1ght1962"]
[Black "gizmokaka"]
[Result "0-1"]
[WhiteElo "1554"]
[BlackElo "2822"]

1. e4 e5 2. Nf3 Nc6 3. a3 Nf6 4. d3 d5 5. exd5 Nxd5 6. c4 Nde7 7. h3 a5 8. Be2
Nf5 9. Nc3 Bc5 10. Nd5 O-O 11. Bg5 f6 12. Bd2 Ncd4 13. Nxd4 Nxd4 14. b4 axb4 15.
Nxb4 f5 16. Bc3 Qg5 17. Rg1 Qh4 18. g3 Qf6 19. Nd5 Qf7 20. Bf3 c6 21. Ne3 f4 22.
Be4 fxe3 23. fxe3 Qf2# 0-1

[Event "AUTO-OPEN-4621"]
[Site "http://www.queenalice.com/game.php?id=1864826"]
[Date "2025.10.28"]
[Round "1"]
[White "gizmokaka"]
[Black "Kn1ght1962"]
[Result "1-0"]
[WhiteElo "2819"]
[BlackElo "1567"]

1. d4 d5 2. c4 dxc4 3. Nf3 h6 4. e4 e5 5. Bxc4 Bg4 6. Bxf7+ Kxf7 7. Nxe5+ Ke8 8.
Qxg4 Bb4+ 9. Bd2 Bxd2+ 10. Nxd2 Qe7 11. Qh5+ Kd8 12. Nf7+ Kd7 13. Qf5+ Ke8 14.
Nxh8 Nf6 15. Qc8+ Qd8 16. Qxb7 Nbd7 17. Qb3 Qe7 18. Ng6 Qf7 19. Nf4 Kf8 20. e5
Re8 21. Qxf7+ Kxf7 22. O-O Ng4 23. e6+ Kg8 24. exd7 Rd8 25. Nf3 Rxd7 26. Rac1
1-0

[Event "AUTO-INT-3949"]
[Site "http://www.queenalice.com/game.php?id=1864865"]
[Date "2025.10.29"]
[Round "1"]
[White "Kn1ght1962"]
[Black "bdpq"]
[Result "1-0"]
[WhiteElo "1657"]
[BlackElo "1646"]

1. e4 d5 2. exd5 Qxd5 3. h3 Be6 4. Nc3 Qd8 5. Nf3 Qd6 6. a3 Nc6 7. d4 O-O-O 8.
Be3 Bd5 9. Be2 g6 10. Qd2 Bxf3 11. Bxf3 e6 12. Rd1 Bg7 13. Nb5 Qe7 14. Bxc6 bxc6
15. Nxa7+ Kb7 16. Qa5 Rd5 17. Qa4 Nf6 18. Nxc6 Qd6 19. Nb4 Rf5 20. O-O Kc8 21.
c4 Kd8 22. c5 Qd7 23. c6 Qd6 24. Rc1 Ke7 25. d5 Ne4 26. Rfd1 exd5 27. f3 Ng3 28.
Bc5 Qxc5+ 29. Rxc5 Kf6 30. Nxd5+ Ke6 31. Nxc7+ Kf6 32. Qd4+ Kg5 33. Qxg7 Rb8 34.
Rxf5+ Nxf5 35. Qxh7 Kf6 36. f4 Ne3 37. Nd5+ Nxd5 38. Rxd5 Rxb2 39. c7 Rc2 40.
Rd7 Rc1+ 41. Kh2 Re1 42. c8=Q Re4 43. Qd8+ Kf5 44. Qxf7# 1-0

[Event "AUTO-INT-3949"]
[Site "http://www.queenalice.com/game.php?id=1864866"]
[Date "2025.10.29"]
[Round "1"]
[White "bdpq"]
[Black "Kn1ght1962"]
[Result "1-0"]
[WhiteElo "1646"]
[BlackElo "1580"]

1. e4 e5 2. d4 exd4 3. Qxd4 Nc6 4. Qd1 Ne5 5. Bf4 d6 6. Bd3 a6 7. Bxe5 dxe5 8.
Nc3 c6 9. Qe2 Be6 10. O-O-O h6 11. Nf3 Bd6 12. g3 Nf6 13. Nh4 Bg4 14. f3 Be6 15.
Nf5 Bxf5 16. exf5 O-O 17. Bc4 Qa5 18. g4 b5 19. Bb3 Rae8 20. g5 hxg5 21. Rxd6 c5
22. Qd2 c4 23. Qxg5 cxb3 24. a3 Qc7 25. Rxf6 Re6 26. fxe6 Qe7 27. Nd5 Qc5 28.
Nc3 Qe7 29. Nd5 Qb7 30. e7 Re8 31. Rg1 g6 32. Rxg6+ fxg6 33. Qxg6+ Kh8 34. Qg7#
1-0

[Event "AUTO-INT-3949"]
[Site "http://www.queenalice.com/game.php?id=1864868"]
[Date "2025.10.29"]
[Round "1"]
[White "jenyasm"]
[Black "Kn1ght1962"]
[Result "1-0"]
[WhiteElo "1624"]
[BlackElo "1673"]

1. e4 e5 2. Nf3 d6 3. d3 h6 4. h3 a6 5. a3 Nc6 6. Be3 Be6 7. Nc3 Nf6 8. Qe2 Be7
9. Nd1 O-O 10. g3 Re8 11. Bg2 d5 12. exd5 Bxd5 13. O-O Bd6 14. Nc3 Be6 15. Rfe1
Qd7 16. Kh2 Ne7 17. Nh4 c6 18. Ne4 Nxe4 19. Bxe4 Rad8 20. Bg2 Nd5 21. Nf3 b5 22.
b4 e4 23. dxe4 Nc3 24. Qd3 Na4 25. e5 Nb2 26. Qxd6 Qxd6 27. exd6 Rxd6 28. Bc5
Rdd8 29. Nd4 Bd5 30. Bxd5 cxd5 31. Rxe8+ Rxe8 32. Kg2 Nc4 33. Nf5 Re2 34. Nd4
Ne3+ 35. Kf3 Nxc2 36. Kxe2 Nxa1 37. Kd2 g6 38. Kc1 f5 39. Kb1 g5 40. Kxa1 1-0